| 000 | 00514nam a2200193 4500 | ||
|---|---|---|---|
| 003 | SEACOMEC | ||
| 005 | 20240627133813.0 | ||
| 008 | 231005b |||||||| |||| 00| 0 eng d | ||
| 020 | _cRs. 145.00 | ||
| 040 | _aSEACOMEC | ||
| 082 |
_a005.5 _bJ59 |
||
| 100 | 1 | _aJeyapoovan, T. | |
| 245 | 1 |
_aComputer Practice- I / _cT. Jeyapoovan and Sanjay Saxena |
|
| 260 |
_aNew Delhi _bVikas _c2004 |
||
| 650 | _aComputer Programming, programs, data | ||
| 650 | _aApplication Program | ||
| 700 | 1 | _aSanjay, Saxena | |
| 942 | _cBOOK | ||
| 999 |
_c87 _d87 |
||